|
|
|
|
| LEADER |
01608nam a2200325 a 4500 |
| 001 |
504 |
| 003 |
BD-DhAAL |
| 005 |
20141204104242.0 |
| 008 |
141204s1982 sz a i000 0 eng |
| 010 |
|
|
|a 83161659
|
| 040 |
|
|
|a DLC
|c DLC
|d DLC
|d BD-DhAAL
|
| 050 |
0 |
0 |
|a HD9014.N52
|b B37 1982
|
| 082 |
0 |
0 |
|a 363.8/56/097285
|2 19
|
| 100 |
1 |
|
|a Barraclough, Solon Lovett,
|d 1922-
|9 6507
|
| 245 |
1 |
2 |
|a A preliminary analysis of the Nicaraguan food system :
|b (a progress report of research being carried out under UNRISD's project "Food Systems and Society") /
|c Solon Barraclough.
|
| 260 |
|
|
|a Geneva :
|b United Nations Research Institute for Social Development,
|c 1982.
|
| 300 |
|
|
|a ix, 133 p. :
|b ill. ;
|c 21 cm.
|
| 490 |
1 |
|
|a Report / United Nations Research Institute for Social Development ;
|v no. 83.1
|
| 541 |
|
|
|e 504
|
| 610 |
2 |
0 |
|a Programa Alimentario Nacional (Nicaragua)
|9 6508
|
| 610 |
2 |
0 |
|a Centro de Investigaciones y Estudios de la Reforma Agraria (Nicaragua)
|9 6509
|
| 650 |
|
0 |
|a Food supply
|z Nicaragua.
|9 6510
|
| 650 |
|
0 |
|a Agriculture
|x Economic aspects
|z Nicaragua.
|9 6511
|
| 650 |
|
0 |
|a Agriculture and state
|z Nicaragua.
|9 6512
|
| 650 |
|
0 |
|a Land use, Rural
|z Nicaragua.
|9 6513
|
| 710 |
2 |
|
|a United Nations Research Institute for Social Development.
|9 6514
|
| 830 |
|
0 |
|a Report (United Nations Research Institute for Social Development) ;
|v no. 83.1.
|9 6515
|
| 942 |
|
|
|2 ddc
|c BK
|
| 999 |
|
|
|c 33209
|d 33209
|
| 952 |
|
|
|0 0
|1 0
|2 ddc
|4 0
|6 363_856972850000000_BAR
|7 0
|9 44326
|a BRACUL
|b BRACUL
|c GEN
|d 2014-12-04
|g 0.00
|l 0
|o 363.85697285 BAR
|p 3010000504
|r 2014-12-04
|t 1
|w 2014-12-04
|y BK
|z Not price in Register
|x Not price in Register
|